Nipsey Hussle Charting Songs (Billboard Hot 100) - Statistics

General Stats
  • This quiz has been taken 24 times
    17 since last reset
  • The average score is 5 of 9
Answer Stats
Album Weeks On Peak Artist(s) Song % Correct
Father of Asahd 2 Weeks #21 DJ Khaled ft. Nipsey Hussle & John Legend Higher
82%
Non-Album Single 11 Weeks #26 Nipsey Hussle ft. Roddy Ricch & Hit-Boy Racks in the Middle
64%
Victory Lap 2 Weeks #93 Nipsey Hussle ft. Kendrick Lamar Dedication
55%
Detroit 2 1 Week #82 Big Sean ft. Nipsey Hussle Deep Reverence
55%
Just Re'd Up 1 Week #100 YG ft. Tyga, Snoop Dogg & Nipsey Hussle Snitches Ain't...
55%
Victory Lap 3 Weeks #65 Nipsey Hussle ft. Belly & DOM KENNEDY Double Up
36%
Victory Lap 3 Weeks #76 Nipsey Hussle ft. YG Last Time That I Checc'd
36%
Victory Lap 1 Week #100 Nipsey Hussle ft. Stacy Barthe Victory Lap
36%
Judas and the Black Messiah: The Inspired Album 1 Week #51 Nipsey Hussle & JAY Z What It Feels Like
36%
No matching quizzes found
Score Distribution
Percent of People with Each Score
Percentile by Number Answered
Your Score History
You have not taken this quiz since the last reset